| 000 | 00476nam a2200169Ia 4500 | ||
|---|---|---|---|
| 003 | IN-BaIIA | ||
| 008 | 211028s9999 xx 000 0 eng d | ||
| 040 | _cIIA Library | ||
| 080 |
_a550.3(047.1) _bADV-3 |
||
| 100 |
_aLandsberg, H. E. _93316 |
||
| 245 | 0 |
_aAdvances in geophysics _bvol. 3 _cHelmut Erich Landsberg |
|
| 260 |
_aNew York _bAcademic Press _c1956 |
||
| 300 | _ax, 378p. | ||
| 650 | _aAstronomy and Astrophysics Thesaurus | ||
| 650 |
_aGeophysics _954 |
||
| 942 | _cBK | ||
| 999 |
_c1674 _d1674 |
||